Reneé Rapp - Snow Angel (lyrics quiz) - Statistics

General Stats
  • This quiz has been taken 567 times
  • The average score is 190 of 246
Answer Stats
Answer % Correct
a
99%
A
99%
I
98%
it
95%
the
94%
The
94%
to
93%
me
92%
when
92%
but
89%
But
89%
in
89%
snow
89%
It’s
88%
it’s
88%
kills
88%
if
87%
If
87%
make
87%
my
87%
angel
86%
I’ll
86%
what
86%
What
86%
winter
84%
hard
82%
through
82%
leave
81%
arrive
80%
First
80%
last
80%
tried
78%
can
77%
cold
77%
Look
77%
look
77%
until
76%
company
75%
hurry
75%
nose
75%
without
75%
faster
74%
of
74%
tip
74%
He
73%
ice
73%
I’m
73%
misery
73%
worthy
73%
What’s
72%
Feel
69%
outside
68%
underneath
68%
boy
66%
heart
66%
breathe
65%
broke
65%
laugh
65%
him
64%
met
64%
red
64%
so
64%
burning
63%
white
63%
and
62%
easier
61%
For
61%
blame
60%
her
59%
still
58%
‘cause
57%
season’s
57%
came
55%
change
55%
far
55%
like
55%
mirror
55%
she
55%
as
52%
looks
52%
half
50%
you
50%
strange
49%
twice
49%
lie
48%
Addictions
47%
Can’t
47%
keep
47%
secrets
47%
Smiles
47%
weak
47%
alive
46%
then
46%
tell
44%
back
43%
hate
42%
hide
42%
today
41%
do
40%
never
39%
speak
39%
loved
37%
why
33%
wish
32%
different
30%
went
30%
way
29%
same
28%
would
28%
go
25%
does
21%
slower
21%
No matching quizzes found
Score Distribution
Percent of People with Each Score
Percentile by Number Answered
Your Score History
You have not taken this quiz